México

Gardado en:
Detalles Bibliográficos
Autor Principal: López de Llergo, Rita (autora)
Formato: Libro
Idioma:Lingua castelá
Publicado: Río de Janeiro Instituto Panamericano de Geografía e Historia 1969
Series:Manual de Geografía, 317
Subjects:
Tags: Engadir etiqueta
Sen Etiquetas, Sexa o primeiro en etiquetar este rexistro!

MARC

LEADER 00000nam a2200000 a 4500
001 UCP7942
003 CL-VaPUC
008 000106e19690000BL |||||||||||||||||spa|d
082 0 4 |a 917.2  |b LOP  |2 21 
100 |a López de Llergo, Rita  |e autora  |9 437675 
245 1 0 |a México 
300 |a 161 p 
942 |c BK 
945 |d 20000106 00:00:00  |a rherrera 
260 |a Río de Janeiro  |b Instituto Panamericano de Geografía e Historia  |c 1969 
650 7 |a GEOGRAFIA AMERICANA  |2 CL-VaPUC  |9 437671 
650 0 |a Geografía económica   |9 267757 
650 0 |a Geología   |9 260984 
650 7 |a HIDROGRAFIA  |2 CL-VaPUC  |9 261115 
650 0 |a Geomorfología   |9 261377 
650 7 |a COMUNICACIONES  |2 CL-VaPUC  |9 260778 
651 0 |a México  |9 255269 
583 |a last modification  |c 20000106 00:00:00  |k Rodrigo Vera 
490 0 |a Manual de Geografía, 317 
999 |c 284979  |d 284977 
952 |0 0  |1 0  |4 0  |6 917_200000000000000_LOP_1969  |7 0  |8 A  |9 329308  |a BIBHIS  |b BIBHIS  |d 2019-11-20  |i 1376624  |o 917.2 LOP 1969  |p 1376624  |r 2025-01-20  |w 2019-11-20  |y BK  |k HIS